Nghiên cứu sử dụng cây mái dầm (Cryptocoryne Ciliata Wydler) xử lý nước thải của nhà máy đường Vị Thanh - tỉnh Hậu Giang : Luận văn tốt nghiệp Cao học. Chuyên ngành Quản lý Tài nguyên và Môi trường

Đề tài khảo sát sự phân bố thủy sinh thực vật tại khu vực nghiên cứu, đánh giá khả năng loại bỏ các chỉ tiêu COD, DO, TN trong nước thải và khả năng hấp thu dinh dưỡng của cây mái dầm trong môi trường nước thải của nhà máy....

Popoln opis

Shranjeno v:
Bibliografske podrobnosti
Glavni avtor: Nguyễn, Thành Luân
Format: Knjiga
Jezik:Undetermined
Izdano: Cần Thơ Trường Đại học Cần Thơ 2015
Teme:
Oznake: Označite
Brez oznak, prvi označite!
Thư viện lưu trữ: Trung tâm Học liệu Trường Đại học Cần Thơ
LEADER 01285nam a2200229Ia 4500
001 CTU_205907
008 210402s9999 xx 000 0 und d
082 |a 628.162 
082 |b L502 
088 |a 60850101 
100 |a Nguyễn, Thành Luân 
245 0 |a Nghiên cứu sử dụng cây mái dầm (Cryptocoryne Ciliata Wydler) xử lý nước thải của nhà máy đường Vị Thanh - tỉnh Hậu Giang : 
245 0 |b Luận văn tốt nghiệp Cao học. Chuyên ngành Quản lý Tài nguyên và Môi trường 
245 0 |c Nguyễn Thành Luân ; Trương Hoàng Đan (Cán bộ hướng dẫn) 
260 |a Cần Thơ 
260 |b Trường Đại học Cần Thơ 
260 |c 2015 
520 |a Đề tài khảo sát sự phân bố thủy sinh thực vật tại khu vực nghiên cứu, đánh giá khả năng loại bỏ các chỉ tiêu COD, DO, TN trong nước thải và khả năng hấp thu dinh dưỡng của cây mái dầm trong môi trường nước thải của nhà máy. 
650 |a Water,Nước 
650 |x Purification,Thanh lọc 
904 |i Hải 
980 |a Trung tâm Học liệu Trường Đại học Cần Thơ